| 000 | 01609cad a22002415a 4500 | ||
|---|---|---|---|
| 001 | L143896 | ||
| 008 | 080605s2008 xxk f 000 0 eng d | ||
| 020 | _a9780117539969 | ||
| 035 | _a(Sirsi) u143896 | ||
| 041 | 0 | _aeng | |
| 050 | 0 | 4 | _a711.3 $2 18 |
| 110 | 1 |
_aUnited Kingdom _bDepartment for Communities and Local Government _94939 |
|
| 245 | 0 | 0 |
_aPlanning policy statement 12 _bcreating strong safe and prosperous communities through local spatial planning _h[electronic resource] |
| 260 |
_aLondon _bDCLG _c2008 |
||
| 520 | _aPlanning Policy Statement 12 (PPS12) explains what local spatial planning is, and how it benefits communities. It also sets out what the key ingredients of local spatial plans are and the key government policies on how they should be prepared. It should be taken into account by local planning authorities in preparing development plan documents and other local development documents. This replaces Planning Policy Statement 12: Local Development Frameworks, published on 7 September 2004, and Creating Local Development Frameworks: A Companion guide to PPS12, published on 2 November 2004. This also replaces Planning Policy Guidance 12: Development plans (PPG12) published on 14 December 1999. | ||
| 521 | 2 | _aAdvanced | |
| 590 | _aKA NTK | ||
| 650 | 2 | 4 | _aPLANNING POLICY STATEMENT 12 |
| 651 | 4 |
_aUnited Kingdom _y |
|
| 690 | _aENVIRONMENTAL AND LAND CONSULTANCY-PLANNING AND DEVELOPMENT-PLANNING GUIDANCE | ||
| 856 | 4 | 0 |
_uhttps://www.communities.gov.uk/documents/planningandbuilding/pdf/pps12lsp.pdf _zView the item free of charge at www.communities.gov.uk |
| 942 | _n0 | ||
| 999 |
_c108310 _d108310 |
||